Ναγκόρνο-Καραμπάχ : (Record no. 123797)
| 000 -LEADER | |
|---|---|
| fixed length control field | 01058nam a2200241 u 4500 |
| 001 - CONTROL NUMBER | |
| control field | 001068402 |
| 003 - CONTROL NUMBER IDENTIFIER | |
| control field | AM-YeNLA |
| 005 - DATE AND TIME OF LATEST TRANSACTION | |
| control field | 20160523103859.0 |
| 008 - FIXED-LENGTH DATA ELEMENTS--GENERAL INFORMATION | |
| fixed length control field | 150325s2006 gr r 000 0 gre d |
| 020 ## - INTERNATIONAL STANDARD BOOK NUMBER | |
| International Standard Book Number | 9609109640 |
| 040 ## - CATALOGING SOURCE | |
| Original cataloging agency | AM-YeNLA |
| Language of cataloging | arm |
| Transcribing agency | AM-YeNLA |
| 041 0# - LANGUAGE CODE | |
| Language code of text/sound track or separate title | greengarm |
| 100 1# - MAIN ENTRY--PERSONAL NAME | |
| Personal name | Hatzatourian, Vagelis. |
| 245 10 - TITLE STATEMENT | |
| Title | Ναγκόρνο-Καραμπάχ : |
| Remainder of title | Η Κληρονομια των Αρμενίων στην καρδιά του Καυκάσου: Nagorno Karabagh: The Armenian heritage in the heart of Caucasus = Լեռնային Ղարաբաղ: հայկական ժառանգութիւնը Կովկասի սրտին մեջ / |
| Statement of responsibility, etc. | photos by Vagelis Hatzatourian, historical texts by Mihran Kourtoglian. |
| 260 ## - PUBLICATION, DISTRIBUTION, ETC. (IMPRINT) | |
| Place of publication, distribution, etc. | Athens : |
| Name of publisher, distributor, etc. | V. Hatzatourian, |
| Date of publication, distribution, etc. | 2006. |
| 300 ## - PHYSICAL DESCRIPTION | |
| Extent | 233 p. : |
| Other physical details | col. ill., map ; |
| Dimensions | 33 cm |
| Accompanying material | Bookalbum |
| 500 ## - GENERAL NOTE | |
| General note | With hard- and supercover |
| 546 ## - LANGUAGE NOTE | |
| Language note | Text in Greek, English and Armenian |
| 653 ## - INDEX TERM--UNCONTROLLED | |
| Uncontrolled term | ՀԱԳ |
| 651 #4 - SUBJECT ADDED ENTRY--GEOGRAPHIC NAME | |
| 9 (RLIN) | 39547 |
| Geographic name | Լեռնային Ղարաբաղ |
| 700 1# - ADDED ENTRY--PERSONAL NAME | |
| Personal name | Kourtoglian, Mihran |
| Relator code | aut |
| 942 ## - ADDED ENTRY ELEMENTS (KOHA) | |
| Source of classification or shelving scheme | |
| Koha item type | Books |
No items available.
All site content, except where otherwise noted, is licensed under a